|
|
|
|
| LEADER |
00000nab a2200000 a 4500 |
| 001 |
vtls000458729 |
| 003 |
SK-MaSNL |
| 005 |
20260304001442.0 |
| 008 |
120926c1990 xo 0 slo |
| 015 |
|
|
|a SNBRA19rr/mm-uuuuu
|
| 035 |
|
|
|a CL0458860
|
| 040 |
|
|
|a SNKBUCL
|b slo
|c SNKBUCL
|e AACR2
|
| 041 |
0 |
|
|a slo
|
| 044 |
|
|
|a xo
|c SK
|
| 080 |
|
|
|a 621.43.068.1:662.995
|2 1981
|
| 080 |
|
|
|a 662.995
|2 1981
|
| 080 |
|
|
|a 536.49
|2 1981
|
| 100 |
1 |
|
|a Pečeňa, Zdeno
|4 aut
|9 627265
|
| 245 |
1 |
0 |
|a Využívanie akumulovanej energie z výfukových a odpadových plynov
|c Zdeno Pečeňa
|
| 300 |
|
|
|b Obr. 3. Tb. 2.
|
| 650 |
0 |
7 |
|a spaľovacie motory
|2 snkbucl
|9 67366
|
| 650 |
0 |
7 |
|a výfukové plyny
|2 snkbucl
|9 73341
|
| 650 |
0 |
7 |
|a teplo odpadové
|2 snkbucl
|9 927711
|
| 655 |
|
7 |
|a články zo zborníkov
|2 snkbucl
|9 166140
|
| 773 |
0 |
|
|t Výrobky a systémy pre znižovanie energetickej náročnosti spätným získavaním a využívaním tepla
|d Košice : Dom techniky ZSVTS, 1990
|g S. 35-42
|
| 850 |
|
|
|a Slovenská národná knižnica v Martine
|a MTA001
|
| 852 |
|
|
|a SNK
|b KIS3GCP
|
| 958 |
|
|
|a RK
|
| 992 |
|
|
|a RZB
|
| 999 |
|
|
|c 2536798
|d 2538728
|